| 000 | 00552nam a2200181Ia 4500 | ||
|---|---|---|---|
| 008 | 090124s9999 xx 000 0 und d | ||
| 082 | _b22454 | ||
| 100 | _aव्हटकर अशोक | ||
| 245 | _a अजिंक्य आंबी | ||
| 250 | _a0 | ||
| 260 |
_bउदयदीप प्रकाशन _c1984 |
||
| 300 | _a176 | ||
| 600 | _aव्हटकर अशोक | ||
| 630 | _a अजिंक्य आंबी | ||
| 700 | _aव्हटकर अशोक | ||
| 730 | _a अजिंक्य आंबी | ||
| 942 | _cBOOK | ||
| 999 |
_c91828 _d91828 |
||